| 000 | 00754nam a22002297a 4500 | ||
|---|---|---|---|
| 005 | 20170124110231.0 | ||
| 010 | _aB-079943 | ||
| 020 |
_c00.00 _a8173051909 |
||
| 035 | _aB-079943 | ||
| 037 | _bCen Lib/Ret | ||
| 040 |
_aDPL _bEN |
||
| 082 |
_a220 _bDAN |
||
| 100 |
_aDange, Sadashiv Ambadas _941322 |
||
| 245 |
_aImages from Vedic hymns and rituals / _cby Sadashiv Ambadas Dange |
||
| 260 |
_aNew Delhi _bAryan Books International _c2000 |
||
| 270 |
_aPooja Apartments, 4B, Ansari Road, Darya Ganj _bNew Delhi _e110002 |
||
| 300 |
_axix,374p. _c22cm(Hb) |
||
| 500 | _aIncludes bibliographical references and index | ||
| 650 |
_aVedas.--RĖĨgveda _910139 |
||
| 650 |
_aHinduism--Rituals _941323 |
||
| 942 |
_2ddc _cEN _h220 _mDAN |
||
| 999 |
_c134647 _d134647 |
||